It looks like you're offline.
Open Library logo
additional options menu

MARC Record from Scriblio

Record ID marc_records_scriblio_net/part28.dat:5477237:819
Source Scriblio
Download Link /show-records/marc_records_scriblio_net/part28.dat:5477237:819?format=raw

LEADER: 00819cam 2200241 a 4500
001 99022076
003 DLC
005 20050118190438.0
008 990317s1999 nyua 001 1 eng
010 $a 99022076
020 $a0312868847 (acid-free paper)
040 $aDLC$cDLC$dDLC
050 00 $aPS3568.U298$bS28 1999
082 00 $a813/.54$221
100 1 $aRucker, Rudy v. B.$q(Rudy von Bitter),$d1946-
245 10 $aSaucer wisdom /$cRudy Rucker.
250 $a1st ed.
260 $aNew York :$bForge,$c1999.
300 $a287 p. :$bill. ;$c25 cm.
500 $a"A Tom Doherty Associates book."
500 $aIncludes index.
856 42 $3Contributor biographical information$uhttp://www.loc.gov/catdir/bios/hol055/99022076.html
856 42 $3Publisher description$uhttp://www.loc.gov/catdir/description/hol056/99022076.html